| 000 | 00370nam a22001337a 4500 | ||
|---|---|---|---|
| 999 |
_c8225 _d8226 |
||
| 008 | 190807b ||||| |||| 00| 0 eng d | ||
| 082 | _aBSC.ENV CAP NO.6 | ||
| 100 | _aRai, Bijayata | ||
| 245 | _aDetermining the viability of plastic roads in Bhutan | ||
| 260 |
_aThimphu ; _bRoyal Thimphu College, _c2019. |
||
| 300 |
_a24 p. _c30 cm. |
||
| 650 | _aBSC.ENV. | ||
| 942 | _2ddc | ||